00352 a2200109 4500020001500000082001800015100001700033245009100050260005000141300003200191650001900223 a8120414020 a624.15136 KAT aKatti, R. K. aInfluence of Gravity on Granular Soil MechanicscR. K. Katti, A. R. Katti, D. R. Katti aNew Delhi :bOxford and IBH Publishing,c2000 axii, 467p. :bill. ;c27 cm aSoil Mecahnics